Programming languages: An interpreter based approach (Record no. 162149)

MARC details
000 -LEADER
fixed length control field 00388nam a2200145Ia 4500
008 - FIXED-LENGTH DATA ELEMENTS--GENERAL INFORMATION
fixed length control field 231217s9999 xx 000 0 und d
041 ## - LANGUAGE CODE
Language code of text/sound track or separate title English
082 ## - DEWEY DECIMAL CLASSIFICATION NUMBER
Classification number 001.6424 KAM `R'
100 ## - MAIN ENTRY--PERSONAL NAME
Personal name Kamin, Samuel N
245 #0 - TITLE STATEMENT
Title Programming languages: An interpreter based approach
260 ## - PUBLICATION, DISTRIBUTION, ETC.
Date of publication, distribution, etc. 1990
Name of publisher, distributor, etc. New York : Addison-Wesley,
300 ## - PHYSICAL DESCRIPTION
Extent xi+640
650 ## - SUBJECT ADDED ENTRY--TOPICAL TERM
Topical term or geographic name entry element Programming
942 ## - ADDED ENTRY ELEMENTS (KOHA)
Koha item type Books
Holdings
Date last seen Total checkouts Full call number Accession number Cost, total (INR) price Price effective from Category Lost status Damaged status Department Withdrawn status Home library Current library Shelving location Entry date Vendor Cost, normal purchase price Grants Billnumber Billdate Currency symbol Conversion rate Discount Old discount
26/01/2024   001.6424 KAM `R' 4162 2051.10 26/01/2024 Books     Central Library   Central Library Central Library Library Annex 18/12/1992 Educational Supplies 64.50 CS 19463 08/12/1993 USD 31.8    

© For any Suggestions or Query, please contact the library staff @ librarian@pes.edu or Phone: +9180 2672 1983/ 2108.